00218nam a2200085Ia 4500008004100000100001600041245002800057260003000085999001700115170817s9999 xx 000 0 und d aRUHELA S.P. 0aCHILD CENTRED EDUCATION bINTERNATIONAL PUB. MEERUT c36517d36517